| 000 | 00679nas a2200241 i 4500 | ||
|---|---|---|---|
| 001 | 27 | ||
| 003 | ES-MaACL | ||
| 005 | 20250802231422.0 | ||
| 007 | t| | ||
| 008 | 950801d19111985xxkw| | 1 ||ng d | ||
| 080 | _a(410) | ||
| 080 | _a629 | ||
| 245 | 0 | 4 |
_aThe Aeroplane, incorporating Aeronautical engineering / _cdir. Roland E. Dangerfield. |
| 260 |
_aLondon : _bTemple Press, _c1911-1958. |
||
| 300 |
_a8 v. : _bgrab ; _c30 cm. |
||
| 310 | _aSemanal | ||
| 362 | 0 | _a1911-1958. | |
| 650 | 1 | 7 |
_aAeronáutica _2embne _99657 |
| 700 | 1 |
_aDangerfield, Roland E, _edir. _9227342 |
|
| 852 |
_aES-MaACL _jHem-297 |
||
| 866 | 0 | _o(1946)1947(1948),1950(1951). | |
| 999 |
_c27 _d27 |
||